000 02916cam a22003498i 4500
001 2434
003 FISKH
005 20231207110429.0
006 m |o d |
007 cr |||||||||||
008 201008s2021 nyu o 000 1 eng
010 _a 2020045755
020 _a9780593329849
_q(ebook)
020 _z9780593329825
_q(hardcover)
020 _z9780241990452
040 _aDLC
_beng
_cDLC
_erda
042 _apcc
050 0 0 _aPS3603.O88945
082 0 0 _a813/.6
_223
100 1 _aCowley Heller, Miranda,
245 1 4 _aThe paper palace /
_cMiranda Cowley Heller.
260 _aNew York :
_bPenguin Books,
_c2021.
300 _a389 pages :
_c20 cm
520 _a"A story of summer, secrets, love and lies: in the course of a singular day on Cape Cod, one woman must make a life-changing decision that has been brewing for decades. Set against the summer backwoods and beaches of Cape Cod, The Paper Palace unfolds over 24 hours and across 50 years, as decades of family legacy, love, lies, secrets, and one unspeakable childhood tragedy lead wife and mother Elle Bishop to the precipice of a life-changing decision. With its transporting setting and propulsive pace, the story draws on the sweet promise of young love, as well as the heartbreaking damage incurred by too many secrets. It's a compulsively readable story about the tensions between the romantic childhood ideals we grow up with, and the family responsibilities that carry us into adulthood. Must our life choices remain irrevocable if the conditions are changed? It is a perfect July morning, and Elle, a fifty-year-old happily married mother of three, awakens at "The Paper Palace"-- the family summer place which she has visited every summer of her life. But this morning is different, because last night Elle and her oldest friend Jonas crept out the back door into the darkness and had sex with each other for the first time, all while their spouses chatted away inside. Now, over the next 24 hours, Elle will have to decide between the life she has made with her genuinely beloved husband, Peter, and the life she always imagined she would have had with her childhood love, Jonas, if a tragic event hadn't forever changed the course of their lives. As Heller colors in the experiences that have led Elle to this day, we arrive at her ultimate decision with all its complexity. Tender yet devastating, The Paper Palace considers the tensions between desire and dignity; the legacies of abuse; and the crimes and misdemeanors of families"--
_cProvided by publisher.
588 _aDescription based on print version record and CIP data provided by publisher; resource not viewed.
650 _aFamily relationship
_vFiction
650 _aSecrete romance
_vFiction
650 _aMarriage
_vFiction
655 7 _aLove stories.
_2gsafd
906 _a7
_bcbc
_corignew
_d1
_eecip
_f20
_gy-gencatlg
942 _2ddc
_cBK
_n0
999 _c2434
_d2434